EÚ pomôže len pri rentabilnej infraštruktúre
Diskusia o rozvoji regiónov a podpore z Európskej únii. Základné podmienky úspešnosti. Podmienky čerpania prostriedkov zo štrukturálnych fondov. Praktické skúsenosti predstaviteľov VÚC.
Enregistré dans:
| Auteur principal: | |
|---|---|
| Format: | Chapitre de livre |
| Langue: | slovaque |
| Sujets: | |
| Tags: |
Pas de tags, Soyez le premier à ajouter un tag!
|
MARC
| LEADER | 00000naa a2200000 4500 | ||
|---|---|---|---|
| 001 | r048817 | ||
| 005 | 20230925124743.5 | ||
| 041 | 0 | |a slo | |
| 044 | |a SK | ||
| 245 | 1 | 0 | |a EÚ pomôže len pri rentabilnej infraštruktúre |c Ivan Podstupka |
| 520 | |a Diskusia o rozvoji regiónov a podpore z Európskej únii. Základné podmienky úspešnosti. Podmienky čerpania prostriedkov zo štrukturálnych fondov. Praktické skúsenosti predstaviteľov VÚC. | ||
| 610 | 2 | 0 | |a integrácia ekonomická medzinárodná |
| 610 | 2 | 0 | |a rozvoj regionálny |
| 610 | 2 | 0 | |a fondy štruktúrne |
| 610 | 2 | 0 | |a politika štruktúrna |
| 610 | 2 | 0 | |a regióny |
| 610 | 2 | 0 | |a vyššie územné celky |
| 610 | 2 | 0 | |a podpora podnikania |
| 610 | 2 | 0 | |a Slovensko |
| 610 | 2 | 0 | |a Európska únia |
| 100 | 1 | |a Podstupka, Ivan | |